000 00593cab a2200193 4500
001 WB2549-03
008 090401t1989 xxu||||| |||| 00| 0 eng d
035 _a(Sirsi) u23508
041 _aeng
245 _aPilot scheme for selling
260 _c1989
350 _a0
490 _aDaily Telegraph
_v12/12/89 p21
520 _aDescribes a pilot scheme, Electronic Auction Systems Europe , whereby livestock auctions are conducted "on the wire" instead of in the traditional manner.
650 _aCOMPUTER AUCTIONS
690 _aAuctioneering
_96218
942 _n0
948 _c04/03/1997
999 _c15710
_d15710